<?xml version="1.0" encoding="UTF-8"?>
<record
    xmlns:xsi="http://www.w3.org/2001/XMLSchema-instance"
    xsi:schemaLocation="http://www.loc.gov/MARC21/slim http://www.loc.gov/standards/marcxml/schema/MARC21slim.xsd"
    xmlns="http://www.loc.gov/MARC21/slim">

  <leader>00679nam a2200205   4500</leader>
  <controlfield tag="003">SEM</controlfield>
  <controlfield tag="005">20250617105313.0</controlfield>
  <controlfield tag="008">250617s1985    ai ||||gr||||||01|||arm|d</controlfield>
  <datafield tag="040" ind1=" " ind2=" ">
    <subfield code="a">SEM</subfield>
    <subfield code="c">SEM</subfield>
  </datafield>
  <datafield tag="041" ind1=" " ind2=" ">
    <subfield code="a">arm</subfield>
  </datafield>
  <datafield tag="080" ind1=" " ind2=" ">
    <subfield code="a">891.981-3/&#x544;-28</subfield>
  </datafield>
  <datafield tag="100" ind1=" " ind2=" ">
    <subfield code="a">&#x544;&#x561;&#x576;&#x578;&#x582;&#x56F;&#x575;&#x561;&#x576;, &#x53C;&#x587;&#x578;&#x576;</subfield>
    <subfield code="d">(1938-1992)</subfield>
  </datafield>
  <datafield tag="245" ind1=" " ind2=" ">
    <subfield code="a">&#x53C;&#x565;&#x57C;&#x561;&#x576; &#x574;&#x575;&#x578;&#x582;&#x57D; &#x56F;&#x578;&#x572;&#x574;&#x578;&#x582;&#x574; /</subfield>
    <subfield code="c">&#x53C;. &#x544;&#x561;&#x576;&#x578;&#x582;&#x56F;&#x575;&#x561;&#x576; ; &#x53D;&#x574;&#x562;.&#x55D; &#x534;. &#x540;&#x578;&#x57E;&#x570;&#x561;&#x576;&#x576;&#x565;&#x57D;</subfield>
  </datafield>
  <datafield tag="260" ind1=" " ind2=" ">
    <subfield code="a">&#x535;&#x580;&#x587;&#x561;&#x576; :</subfield>
    <subfield code="b">&#xAB;&#x54D;&#x578;&#x57E;&#x565;&#x57F;&#x561;&#x56F;&#x561;&#x576; &#x563;&#x580;&#x578;&#x572;&#xBB;,</subfield>
    <subfield code="c">1985.</subfield>
  </datafield>
  <datafield tag="300" ind1=" " ind2=" ">
    <subfield code="a">295 &#x567;&#x57B; ;</subfield>
    <subfield code="c">21 &#x57D;&#x574;</subfield>
  </datafield>
  <datafield tag="650" ind1=" " ind2=" ">
    <subfield code="a">&#x540;&#x561;&#x575; &#x563;&#x580;&#x561;&#x56F;&#x561;&#x576;&#x578;&#x582;&#x569;&#x575;&#x578;&#x582;&#x576;</subfield>
    <subfield code="x">&#x561;&#x580;&#x571;&#x561;&#x56F;</subfield>
  </datafield>
  <datafield tag="653" ind1=" " ind2=" ">
    <subfield code="a">&#x54D;&#x537;&#x544;</subfield>
  </datafield>
  <datafield tag="700" ind1=" " ind2=" ">
    <subfield code="a">&#x540;&#x578;&#x57E;&#x570;&#x561;&#x576;&#x576;&#x565;&#x57D;, &#x534;&#x561;&#x57E;&#x56B;&#x569;</subfield>
    <subfield code="e">&#x56D;&#x574;&#x562;.</subfield>
    <subfield code="4">edt.</subfield>
  </datafield>
  <datafield tag="942" ind1=" " ind2=" ">
    <subfield code="2">udc</subfield>
    <subfield code="c">BK</subfield>
  </datafield>
  <datafield tag="999" ind1=" " ind2=" ">
    <subfield code="c">76641</subfield>
    <subfield code="d">76641</subfield>
  </datafield>
  <datafield tag="952" ind1=" " ind2=" ">
    <subfield code="0">0</subfield>
    <subfield code="1">0</subfield>
    <subfield code="2">udc</subfield>
    <subfield code="4">0</subfield>
    <subfield code="7">0</subfield>
    <subfield code="8">&#x533;&#x580;&#x561;&#x57A;&#x561;&#x570;&#x578;&#x581;</subfield>
    <subfield code="a">SEM</subfield>
    <subfield code="b">SEM</subfield>
    <subfield code="d">2025-06-17</subfield>
    <subfield code="g">500.00</subfield>
    <subfield code="i">36281</subfield>
    <subfield code="l">0</subfield>
    <subfield code="o">891.981-3/&#x544;-28</subfield>
    <subfield code="p">36281</subfield>
    <subfield code="r">2025-06-17</subfield>
    <subfield code="w">2025-06-17</subfield>
    <subfield code="y">BK</subfield>
    <subfield code="z">&#x54D;&#x57A;&#x561;&#x57D;&#x561;&#x580;&#x56F;&#x57E;&#x578;&#x582;&#x574; &#x567; &#x568;&#x576;&#x569;&#x565;&#x580;&#x581;&#x561;&#x57D;&#x580;&#x561;&#x570;</subfield>
  </datafield>
</record>
